000 00811nam a2200253Ia 4500
003 GCL
005 20240530105341.0
008 140319s9999 xx 000 0 ara d
020 _a6142133977
040 _aGCL /
_cGCL
082 0 4 _a745.44953\
_bأ ف
100 1 _aابوالحمد محمود فرغلى
245 1 0 _aالفنون الزخرفية الاسلامية فى عصر الصفويين بايران /
_cابوالحمد محمود فرغلى
260 _aالقاهرة :
_bمكتبة مدبولى ،
_c1990
300 _a262 ص ؛
_c22 سم
650 0 4 _aايران
650 0 4 _aالزخرفة
650 0 4 _aالفن الزخرفى
650 0 4 _aالخزف
650 0 4 _aالسجاجيد
650 0 4 _aالفسيفساء
650 0 4 _aالفن الاسلامى
942 _2ddc
_cBK
999 _c55185
_d55185